Аннотированная библиография по археологии, этнографии и средневековой истории Армении / (Record no. 91719)
[ view plain ]
| 000 -LEADER | |
|---|---|
| fixed length control field | 01534cam a2200253 i 4500 |
| 001 - CONTROL NUMBER | |
| control field | 000254836 |
| 003 - CONTROL NUMBER IDENTIFIER | |
| control field | AM-YeHGA |
| 005 - DATE AND TIME OF LATEST TRANSACTION | |
| control field | 20250618071718.0 |
| 008 - FIXED-LENGTH DATA ELEMENTS--GENERAL INFORMATION | |
| fixed length control field | 030818s1984 ai 000 0 rus d |
| 040 ## - CATALOGING SOURCE | |
| Original cataloging agency | AM-YeHGA |
| 090 ## - LOCALLY ASSIGNED LC-TYPE CALL NUMBER (OCLC); LOCAL CALL NUMBER (RLIN) | |
| -- | 93017 |
| 245 00 - TITLE STATEMENT | |
| Title | Аннотированная библиография по археологии, этнографии и средневековой истории Армении / |
| Statement of responsibility, etc. | АН АрмССР. Сектор науч. информ. по обществ. наукам; Сост. Л.З. Закарян; Ред. кол.: Х.А. Барсегян ( гл. ред. ) и др. |
| 246 3# - VARYING FORM OF TITLE | |
| Title proper/short title | Հնագիտություն, ազգագրություն և Հայաստանի միջնադարյան պատմության անոտացված մատենագիտություն |
| 260 ## - PUBLICATION, DISTRIBUTION, ETC. | |
| Place of publication, distribution, etc. | Ереван : |
| Name of publisher, distributor, etc. | Изд-во АН АрмССР, |
| Date of publication, distribution, etc. | 1984. |
| 300 ## - PHYSICAL DESCRIPTION | |
| Extent | 26 с. ; |
| Dimensions | 20 см. |
| 440 #0 - SERIES STATEMENT/ADDED ENTRY--TITLE | |
| Title | Научно-информационный бюллетень |
| Number of part/section of a work | Серия 2 |
| Name of part/section of a work | Библиография |
| Volume/sequential designation | N 2 ( 74 ) |
| 650 14 - SUBJECT ADDED ENTRY--TOPICAL TERM | |
| Topical term or geographic name entry element | Археология |
| Geographic subdivision | Армения |
| 650 14 - SUBJECT ADDED ENTRY--TOPICAL TERM | |
| Topical term or geographic name entry element | Этнография |
| Geographic subdivision | Армения |
| 650 14 - SUBJECT ADDED ENTRY--TOPICAL TERM | |
| Topical term or geographic name entry element | История |
| Chronological subdivision | Средние века |
| Geographic subdivision | Армения |
| 700 1# - ADDED ENTRY--PERSONAL NAME | |
| Personal name | Закарян, Л.З. |
| Relator term | сост. |
| Relationship | com |
| 700 1# - ADDED ENTRY--PERSONAL NAME | |
| Personal name | Բարսեղյան, Խիկար Հակոբի, |
| Dates associated with a name | 1918-1996 |
| Relator term | ред. |
| Relationship | edt |
| 9 (RLIN) | 1997 |
| 710 2# - ADDED ENTRY--CORPORATE NAME | |
| Corporate name or jurisdiction name as entry element | Академия наук Армянской ССР. |
| Subordinate unit | Сектор научной информации по общественным наукам |
| 942 ## - ADDED ENTRY ELEMENTS (KOHA) | |
| Source of classification or shelving scheme | Universal Decimal Classification |
| Koha item type | Գրքեր / Books |
| Withdrawn status | Lost status | Damaged status | Not for loan | Collection | Home library | Current library | Date acquired | Total checkouts | Full call number | Barcode | Date last seen | Price effective from | Koha item type | Public note |
|---|---|---|---|---|---|---|---|---|---|---|---|---|---|---|
| General | Fundamental Scientific Library | Fundamental Scientific Library | 22/12/2016 | PII/513869 | FL0205766 | 22/12/2016 | 22/12/2016 | Գրքեր / Books | 30 Days Loan | |||||
| General | Fundamental Scientific Library | Fundamental Scientific Library | 22/12/2016 | PII/522970 | FL0189062 | 22/12/2016 | 22/12/2016 | Գրքեր / Books | 30 Days Loan |
ՀՀ Գիտությունների ազգային ակադեմիայի հիմնարար գիտական գրադարան = Fundamental Scientific Library of NAS RA
All site content, except where otherwise noted, is licensed under a